| 000 | 00664nam a22001937a 4500 | ||
|---|---|---|---|
| 008 | 150713b xxu||||| |||| 00| 0 eng d | ||
| 020 | _a9781107424821 | ||
| 041 | 0 | _aeng | |
| 080 | _a658.4 | ||
| 100 | 1 | _aFaley, Timothy L., | |
| 245 | 1 | 4 |
_aThe entrepreneurial arch : _cTimothy L. Faley, University of the Virgin Island, St. Thomas |
| 260 |
_aunited Kingdom : _bCambridge University Press ; _c2015. |
||
| 300 |
_a294 f. : _bme il. ; _c23 cm. |
||
| 500 | _aPreface: f. xi-xiii | ||
| 505 | _aIndex: f. 292-294 | ||
| 650 | 0 | _aNdërmarrësi | |
| 650 | 0 | _aPlanifikim Biznesi | |
| 942 |
_2udc _cBK |
||
| 999 |
_c1111 _d1111 |
||